00409nam a2200145Ia 4500003000400000008004100004040001600045082001600061100002500077245007000102260004000172300001000212650002200222650001900244GCL140319s9999 xx 000 0 eng d aGCL / cGCL04a005.75bP P1 aPFAFFENBERGER, BRYAN10aPUBLISH IT ON THE WEB 1: WINDOWS VERSION / cPFAFFENBERGER, BRYAN a[S.N] : bAP PROFESSIONAL ، c1995 a441 P04aشعر الحرب04aWORLD WIDE WEB